000 00325nam a22001337a 4500
008 250311b |||||||| |||| 00| 0 eng d
020 _a9783527405916
050 _aTA2030
_b.A38
100 _aAgostano R.D.
245 _aAdvanced Plasma Technology
260 _aWeinheim
_bWilley-VCH
_c2008
300 _aXXII,457
942 _cBK
999 _c2251
_d2251